| 000 | 00828nam a2200241 i 4500 | ||
|---|---|---|---|
| 001 | bgj | ||
| 245 | 0 | 0 |
_aDeutsches Lesebuch für Ausländer : _bMit einem Wörterverzeichnis in englischer, französischer, spanischer, polnischer und russicher Sprache / _cAuswahl und Bearbeitung der Lesestoffe: Gert Hunger, Lutz Richter. |
| 260 |
_aLeipzig : _bVEB Verlag Enzyklopädie, _c1989. |
||
| 300 |
_a360 S. : _bIll. ; _c22 cm. |
||
| 490 | 1 |
_aReclams Universal-Bibliothek ; _vBand 1014 |
|
| 504 | _aBibliographie S. 358-360. | ||
| 650 | 9 | _aDeutsch | |
| 655 | _aLehrbücher | ||
| 700 | 1 | _aHUNGER, Gert | |
| 700 | 1 | _aRICHTER, Lutz | |
| 830 | _aReclams Universal-Bibliothek ; | ||
| 020 | _a3324003024 | ||
| 040 | _cBPK | ||
| 041 | 0 | _ager | |
| 920 | _a3-324-00302-4 | ||
| 942 | _cKS | ||
| 008 | s gw f |000 0 ger | ||
| 999 |
_c50769 _d50769 |
||
| 856 |
_uhttp://koha.tu.koszalin.pl/cgi-bin/koha/opac-detail.pl?biblionumber=50769 _yKatalog online BPK |
||